[Event "22nd Open"]
[Site "Cappelle la Grande FRA"]
[Date "2006.02.20"]
[Round "4"]
[White "Moser,E"]
[Black "Nalbandian,T"]
[Result "1-0"]
[WhiteElo "2374"]
[BlackElo "2524"]
[EventDate "2006.02.18"]

1. e4 e5 2. Nf3 Nc6 3. c3 Nf6 4. d4 d6 5. Bd3 g6 6. O-O Bg7 7. h3 O-O 8.
Re1 Re8 9. Nbd2 Nd7 10. Nb3 a5 11. Bg5 Bf6 12. Be3 a4 13. Nbd2 a3 14. bxa3
exd4 15. cxd4 Rxa3 16. Nc4 Ra8 17. Qb3 Nf8 18. Rad1 d5 19. Nce5 Bxe5 20.
dxe5 d4 21. Bg5 Qd7 22. Bf6 h6 23. Bb5 Nh7 24. Nxd4 Nxd4 25. Bxd7 Nxb3 26.
Bxe8 Nc5 27. Rd8 Ne6 28. Rd2 Nhf8 29. Bb5 g5 30. f3 c5 31. Bc4 Nd4 32. Be7
b6 33. Bxf8 Kxf8 34. Rb1 Ba6 35. Bxa6 Rxa6 36. a4 Ke7 37. Rdb2 Rxa4 38.
Rxb6 c4 39. R6b4 Ra2 40. Rxc4 Ne2+ 41. Kh1 h5 42. Rcb4 Ng3+ 43. Kh2 h4 44.
R4b2 Ra5 45. Kg1 Rxe5 46. Rb7+ Kf6 47. R1b6+ Kg7 48. Rb5 Rxb5 49. Rxb5 f6
50. e5 fxe5 51. Rxe5 Kg6 52. f4 gxf4 53. Kf2 Kf6 54. Ra5 Nf5 55. Kf3 Ne3
1-0

[Event "22nd Open"]
[Site "Cappelle la Grande FRA"]
[Date "2006.02.20"]
[Round "4"]
[White "Belikov,V"]
[Black "Sebag,M"]
[Result "1-0"]
[WhiteElo "2528"]
[BlackElo "2415"]
[EventDate "2006.02.18"]

1. e4 c5 2. Nf3 d6 3. d4 cxd4 4. Qxd4 Bd7 5. c4 Nc6 6. Qd1 Nf6 7. Nc3 g6 8.
h3 Bg7 9. Be2 O-O 10. O-O Rc8 11. Be3 a6 12. Rc1 Qa5 13. Nd2 Rfe8 14. a3
Be6 15. Nd5 Nd7 16. Bb6 Nxb6 17. Nb3 Bxd5 18. Nxa5 Bxe4 19. Nxc6 Rxc6 20.
Qd2 Rec8 21. b3 d5 22. cxd5 Bxd5 23. Rxc6 Rxc6 24. Rc1 Rd6 25. Qb4 Bf6 26.
a4 Kg7 27. a5 Nd7 28. Rd1 Ne5 29. Qxd6 exd6 30. Rxd5 Bd8 31. Rxd6 Bxa5 32.
f4 Nc6 33. Rd7 Nd8 34. Bf3 b5 35. Kf1 Kf8 36. Ra7 Ne6 37. Rxa6 Bd8 38. g3
Be7 39. Ra8+ Kg7 40. Ra7 Kf8 41. Bd5 Nd4 42. Rb7 b4 43. Kf2 h5 44. g4 hxg4
45. hxg4 f5 46. Rb8+ Kg7 47. Ke3 Bc5 48. Kd3 fxg4 49. Kc4 Nxb3 50. Kxb3 Kf6
51. Rb7 1-0

[Event "22nd Open"]
[Site "Cappelle la Grande FRA"]
[Date "2006.02.20"]
[Round "4"]
[White "Drozdovskij,Y"]
[Black "Nijboer,F"]
[Result "1-0"]
[WhiteElo "2509"]
[BlackElo "2571"]
[EventDate "2006.02.18"]

1. d4 f5 2. c4 Nf6 3. Nc3 d6 4. g3 g6 5. Bg2 Bg7 6. d5 c6 7. Nh3 e5 8. dxe6
Bxe6 9. Qb3 Qe7 10. Ng5 Bc8 11. O-O Na6 12. Rd1 Nd7 13. Qc2 O-O 14. Nf3 Ne5
15. b3 Nc5 16. Nxe5 Bxe5 17. Bh6 Re8 18. Qd2 Be6 19. Rac1 a5 20. Bg5 Qf8
21. Be3 Rad8 22. Bd4 f4 23. Qb2 Bf5 24. Qa3 Ra8 25. Bf3 h5 26. Na4 Ne6 27.
Bxe5 dxe5 28. Qxf8+ Nxf8 29. gxf4 exf4 30. Nc5 Rab8 31. a3 Re7 32. Rd4 g5
33. Bxh5 b6 34. Nd3 Ne6 35. Rd6 Rd8 36. Rxd8+ Nxd8 37. c5 b5 38. b4 axb4
39. Nxb4 g4 40. Rd1 Rd7 41. Rxd7 Bxd7 42. Nd3 Nb7 43. Nxf4 Nxc5 44. Ng6 Kg7
45. Ne5 Kf6 46. Nxd7+ Nxd7 47. Bxg4 Ne5 48. Bf3 Ke6 49. h4 c5 50. Kf1 Nc4
51. h5 Nxa3 52. Bd5+ Kf6 53. e4 c4 54. h6 Kg6 55. e5 c3 56. Ke2 b4 57. e6
Nb5 58. e7 Nd6 59. Bc6 Kxh6 60. e8=Q Nxe8 61. Bxe8 Kg5 62. Ba4 Kf4 63. Bc2
Ke5 64. Ke3 Kd5 65. Bb3+ Ke5 66. f4+ 1-0

[Event "22nd Open"]
[Site "Cappelle la Grande FRA"]
[Date "2006.02.20"]
[Round "4"]
[White "Shaw,J"]
[Black "Ovetchkin,R"]
[Result "1/2-1/2"]
[WhiteElo "2432"]
[BlackElo "2539"]
[EventDate "2006.02.18"]

1. e4 c6 2. d4 d5 3. Nd2 dxe4 4. Nxe4 Bf5 5. Ng3 Bg6 6. h4 h6 7. Nf3 Nd7 8.
h5 Bh7 9. Bd3 Bxd3 10. Qxd3 e6 11. Bf4 Qa5+ 12. Bd2 Bb4 13. c3 Be7 14. c4
Qc7 15. O-O-O Ngf6 16. Rhe1 O-O 17. Ne5 Rad8 18. Qe2 Nxe5 19. dxe5 Nd7 20.
Bc3 Nc5 21. Ne4 Nxe4 22. Qxe4 Qb6 23. f3 Bb4 24. Bxb4 Qxb4 25. a3 Qc5 26.
g4 a5 27. Kb1 1/2-1/2

[Event "22nd Open"]
[Site "Cappelle la Grande FRA"]
[Date "2006.02.20"]
[Round "4"]
[White "Luther,T"]
[Black "Zhigalko,S"]
[Result "1/2-1/2"]
[WhiteElo "2569"]
[BlackElo "2496"]
[EventDate "2006.02.18"]

1. e4 c5 2. Nf3 Nc6 3. d4 cxd4 4. Nxd4 Nf6 5. Nc3 e5 6. Ndb5 d6 7. Bg5 a6
8. Na3 b5 9. Bxf6 gxf6 10. Nd5 Bg7 11. Bd3 Ne7 12. Nxe7 Qxe7 13. O-O O-O
14. c4 f5 15. Qh5 Rb8 16. exf5 e4 17. Rae1 Bb7 18. b3 d5 1/2-1/2

[Event "22nd Open"]
[Site "Cappelle la Grande FRA"]
[Date "2006.02.20"]
[Round "4"]
[White "Firman,N"]
[Black "Gdanski,J"]
[Result "1-0"]
[WhiteElo "2468"]
[BlackElo "2540"]
[EventDate "2006.02.18"]

1. e4 e6 2. d4 d5 3. Nc3 Bb4 4. e5 Ne7 5. a3 Bxc3+ 6. bxc3 c5 7. Nf3 b6 8.
Bb5+ Bd7 9. Bd3 Ba4 10. h4 h6 11. h5 Nbc6 12. g3 c4 13. Bf1 Kd7 14. Bh3 Qg8
15. O-O Qh7 16. Ra2 a5 17. Nh4 b5 18. f4 g6 19. Ng2 Rag8 20. Kh2 Qg7 21.
Qf3 Nd8 22. Ne3 Kc6 23. Ng4 Rf8 24. Nf6 Ng8 25. Ne4 f5 26. Nc5 g5 27. Nxe6
1-0

[Event "22nd Open"]
[Site "Cappelle la Grande FRA"]
[Date "2006.02.20"]
[Round "4"]
[White "Yagupov,I"]
[Black "Khmelniker,I"]
[Result "1-0"]
[WhiteElo "2534"]
[BlackElo "2430"]
[EventDate "2006.02.18"]

1. e4 e5 2. Nf3 Nc6 3. Bb5 a6 4. Ba4 Nf6 5. O-O Nxe4 6. d4 b5 7. Bb3 d5 8.
dxe5 Be6 9. Nbd2 Be7 10. c3 O-O 11. Bc2 f5 12. Nb3 Qd7 13. Nbd4 Nxd4 14.
Nxd4 c5 15. Nxe6 Qxe6 16. f3 Ng5 17. a4 Rad8 18. axb5 axb5 19. Qe2 c4 20.
Be3 Qxe5 21. f4 Qe6 22. fxg5 Bxg5 23. Rae1 Rde8 24. Bxg5 Qxe2 25. Rxe2 Rxe2
26. Bxf5 g6 27. Bd7 Rxf1+ 28. Kxf1 Rxb2 29. Be6+ Kf8 30. Be3 Rc2 31. Bd4
Ke7 32. Bxd5 Rb2 33. Bc5+ Kd7 34. h4 Rc2 35. Bb4 Rd2 36. Bg8 h6 37. Bh7 g5
38. Bf5+ Ke8 39. Bg6+ Kd8 40. h5 g4 41. g3 Rh2 42. Kg1 Re2 43. Bf8 Re3 44.
Bxh6 Rxg3+ 45. Kf2 Rf3+ 46. Kg2 Rxc3 47. Bg7 1-0

[Event "22nd Open"]
[Site "Cappelle la Grande FRA"]
[Date "2006.02.20"]
[Round "4"]
[White "Gashimov,V"]
[Black "Zagrebelny,S"]
[Result "1/2-1/2"]
[WhiteElo "2625"]
[BlackElo "2497"]
[EventDate "2006.02.18"]

1. e4 c5 2. Nc3 d6 3. d4 cxd4 4. Qxd4 Nc6 5. Bb5 Bd7 6. Bxc6 bxc6 7. b3 Nf6
8. Bb2 g6 9. e5 dxe5 10. Qxe5 Bf5 11. Nf3 Bg7 12. O-O O-O 13. Rad1 Nd5 14.
Qe1 Bxc2 15. Rd2 Bxc3 16. Bxc3 Bf5 17. Bb2 1/2-1/2

[Event "22nd Open"]
[Site "Cappelle la Grande FRA"]
[Date "2006.02.20"]
[Round "4"]
[White "Malakhatko,V"]
[Black "Zakharevich,I"]
[Result "1/2-1/2"]
[WhiteElo "2556"]
[BlackElo "2500"]
[EventDate "2006.02.18"]

1. d4 d5 2. c4 e6 3. Nc3 Be7 4. Nf3 Nf6 5. Bg5 h6 6. Bh4 O-O 7. e3 b6 8.
Bd3 dxc4 9. Bxc4 Bb7 10. O-O Nbd7 11. Qe2 a6 12. Rfd1 b5 13. Bd3 Qe8 14.
Rac1 c5 15. Bb1 Rc8 16. a3 cxd4 17. exd4 Nb6 18. Qd3 g6 19. Bg3 Nbd5 20.
Nxd5 Bxd5 21. Qe3 Kh7 22. Ne5 Nh5 23. Rxc8 Qxc8 24. Rc1 Qd8 25. Qd3 f5 26.
f3 Nxg3 27. hxg3 Bd6 28. Qe3 Bxe5 29. Qxe5 Rf7 30. Bd3 h5 31. Rc3 Rg7 32.
Bc2 Rd7 33. Bb3 Bxb3 34. Rxb3 Rxd4 35. Qxe6 Qd6 36. Qf7+ Kh6 37. Re3 Qxg3
38. Qf8+ Kg5 39. Qe7+ Kh6 40. Qf8+ Kg5 41. Qe7+ 1/2-1/2

[Event "22nd Open"]
[Site "Cappelle la Grande FRA"]
[Date "2006.02.20"]
[Round "4"]
[White "Moiseenko,A1"]
[Black "Oleksienko,M"]
[Result "1-0"]
[WhiteElo "2657"]
[BlackElo "2509"]
[EventDate "2006.02.18"]

1. d4 Nf6 2. c4 c5 3. d5 e6 4. Nc3 exd5 5. cxd5 d6 6. e4 g6 7. f4 Bg7 8.
Bb5+ Nbd7 9. e5 dxe5 10. fxe5 Nh5 11. e6 Qh4+ 12. g3 Nxg3 13. hxg3 Qxh1 14.
Be3 Qg2 15. exd7+ Bxd7 16. Bxd7+ Kxd7 17. Qa4+ Kd8 18. Qh4+ Kd7 19. Qg4+ f5
20. Qa4+ Kc8 21. O-O-O Bxc3 22. bxc3 Qxg3 23. Bxc5 Qxc3+ 24. Kb1 Qxc5 25.
Rc1 Qxc1+ 26. Kxc1 Kc7 27. Qf4+ Kb6 28. Qd4+ Ka6 29. Nf3 Rac8+ 30. Kb2 h5
31. Ne5 h4 32. Qa4+ Kb6 33. Qb4+ Ka6 34. Nc4 b5 35. Qa5+ Kb7 36. Nd6+ Ka8
37. Nxc8 1-0

[Event "22nd Open"]
[Site "Cappelle la Grande FRA"]
[Date "2006.02.20"]
[Round "4"]
[White "Senff,M"]
[Black "Vorobiov,E"]
[Result "1/2-1/2"]
[WhiteElo "2471"]
[BlackElo "2543"]
[EventDate "2006.02.18"]

1. e4 c5 2. Nf3 d6 3. Bb5+ Nd7 4. d4 Ngf6 5. Nc3 a6 6. Bxd7+ Nxd7 7. O-O e6
8. dxc5 Nxc5 9. Bg5 Qc7 10. a4 Nd7 11. Nd4 Ne5 12. Re1 h6 13. Qh5 g6 14.
Qh4 Bg7 15. Bc1 Bd7 16. Nde2 Rc8 17. f4 g5 18. fxg5 Qc5+ 19. Kh1 hxg5 20.
Qxg5 Bf6 21. Qf4 Ke7 22. Be3 Rxh2+ 23. Kg1 Rg8 24. Bxc5 Rgxg2+ 25. Kf1 dxc5
26. Ng3 Ng6 27. Qf3 Nh4 28. Nd5+ exd5 29. exd5+ Be6 30. Rxe6+ fxe6 31. d6+
Kf7 32. Qxb7+ Kf8 33. Qa8+ Kf7 34. Qb7+ Kf8 35. Qa8+ Kf7 1/2-1/2

[Event "22nd Open"]
[Site "Cappelle la Grande FRA"]
[Date "2006.02.20"]
[Round "4"]
[White "Popov,Val"]
[Black "Sulskis,S"]
[Result "0-1"]
[WhiteElo "2592"]
[BlackElo "2504"]
[EventDate "2006.02.18"]

1. d4 Nf6 2. c4 e6 3. Nc3 Bb4 4. Qc2 c5 5. dxc5 O-O 6. a3 Bxc5 7. Nf3 b6 8.
Bf4 Bb7 9. Rd1 d5 10. cxd5 Nxd5 11. e4 Nxf4 12. Rxd8 Rxd8 13. g3 Ng6 14.
Bg2 Ba6 15. Qa4 Bb7 16. O-O Nc6 17. Rd1 Rxd1+ 18. Qxd1 Rd8 19. Qc2 Nge5 20.
Nxe5 Nxe5 21. b4 Bf8 22. h3 a5 23. bxa5 bxa5 24. Nb5 Ba6 25. a4 Rc8 26. Qd2
Bxb5 27. axb5 a4 28. f4 Nc4 29. Qa2 a3 30. e5 Ne3 31. Bc6 Bc5 32. Kf2 Rd8
33. Kf3 Nf1 34. b6 Rd3+ 0-1

[Event "22nd Open"]
[Site "Cappelle la Grande FRA"]
[Date "2006.02.20"]
[Round "4"]
[White "Chernyshov,K"]
[Black "Onkoud,A"]
[Result "1/2-1/2"]
[WhiteElo "2539"]
[BlackElo "2391"]
[EventDate "2006.02.18"]

1. d4 g6 2. e4 Bg7 3. Nc3 d6 4. Be3 c6 5. Qd2 b5 6. a4 b4 7. Nce2 a5 8. f3
Nd7 9. g4 d5 10. e5 e6 11. f4 h5 12. f5 hxg4 13. fxe6 fxe6 14. Bg5 Bh6 15.
Bxd8 Bxd2+ 16. Kxd2 Kxd8 17. Nf4 Nf8 18. Bd3 Ne7 19. Nge2 Nf5 20. Rag1 g5
21. Ng2 Rh3 22. Ne1 Rh4 23. Ng2 Rh3 24. Ne1 Rh4 25. h3 Rxh3 26. Rxh3 gxh3
27. Rxg5 Ra7 28. Nf3 Rh7 29. Rg1 h2 30. Rh1 Rh3 31. Bxf5 exf5 32. Ke3 c5
33. Rxh2 cxd4+ 34. Nexd4 f4+ 35. Kxf4 Ng6+ 36. Kg5 Rxh2 37. Nc6+ Kc7 38.
Nxh2 Kxc6 39. Kxg6 d4 40. Kf6 Kd5 41. Nf3 Bg4 42. Ne1 Kc4 43. e6 b3 44. e7
Bd7 45. cxb3+ Kxb3 46. Nd3 Be8 47. Ke5 Kxa4 48. Nc5+ Kb4 49. Kxd4 a4 50.
Kd5 Bf7+ 51. Kc6 Bh5 52. Kb6 Bg6 53. Nd3+ Kb3 54. Ka5 Be8 55. Nc5+ Kxb2 56.
Nxa4+ Kb3 57. Nb6 Kc3 58. Nc8 Kd4 59. Kb6 Ke5 60. Kc7 Ke6 61. Kd8 Bh5 62.
Na7 Kd6 63. Nb5+ Kc6 64. Nd4+ Kd6 65. Nf5+ Kc6 66. Ng7 Bf7 67. Ne6 Bh5 68.
Nd4+ Kd6 69. Nf5+ Kc6 70. Kc8 Bf7 71. Ne3 Kd6 72. Kd8 Bh5 73. Nc2 Ke6 74.
Na3 Kd6 75. Nb5+ Kc6 76. Nc7 Kd6 77. Ne8+ Kc6 78. Ng7 Bf7 79. Ne6 Kd6 80.
Ng5 Bh5 81. Nh3 Kc6 82. Nf4 Bf7 83. Ne2 Kd6 84. Nc1 Bh5 85. Nd3 Bf7 86. Nb2
Bh5 87. Na4 Kc6 88. Nc3 Kd6 89. Ne2 Kc6 90. Ng3 Bf7 91. Nf5 Bh5 92. Nd4+
Kd6 93. Ne2 Kc6 94. Ng3 Bf7 95. Ne4 Bh5 96. Nf6 Bf7 97. Ng4 Bh5 98. Ne3 Kd6
99. Nc2 Kc6 100. Nb4+ Kd6 101. Na6 Kc6 102. Nb8+ Kd6 103. Nd7 Kc6 104. Nf6
Bf7 105. Ne4 Bh5 106. Nd2 Bf7 107. Nf3 1/2-1/2

[Event "22nd Open"]
[Site "Cappelle la Grande FRA"]
[Date "2006.02.20"]
[Round "4"]
[White "Porat,I"]
[Black "Tunik,G"]
[Result "0-1"]
[WhiteElo "2340"]
[BlackElo "2469"]
[EventDate "2006.02.18"]

1. d4 Nf6 2. c4 e6 3. g3 d5 4. Nf3 Be7 5. Bg2 O-O 6. O-O dxc4 7. Qc2 a6 8.
a4 Bd7 9. Qxc4 Bc6 10. Bf4 Bd6 11. Nc3 a5 12. Bg5 Nbd7 13. e4 Be7 14. Qe2
h6 15. Bf4 Bb4 16. Ne5 Nxe5 17. Bxe5 Nd7 18. Bxg7 Kxg7 19. d5 exd5 20. exd5
Bxa4 21. Nxa4 Nf6 22. Rac1 Re8 23. Qc4 Re7 24. Nc3 Bxc3 25. Qxc3 Qd6 26.
Rfd1 a4 27. Rd4 Qe5 28. Qd2 a3 29. bxa3 Rxa3 30. Rh4 h5 31. Rb4 b6 32. Rbb1
Qf5 33. Re1 Rxe1+ 34. Rxe1 Rb3 35. Qd1 Rb2 36. Qf3 Qxf3 37. Bxf3 Rc2 38. h4
b5 39. Rd1 b4 40. Rb1 Rc4 41. Kf1 Kf8 42. Ra1 Rc3 43. Ke2 b3 44. Ra8+ Ke7
45. Rb8 Kd6 46. Rb5 Ke5 47. Bh1 Kd4 48. Rb4+ Kc5 49. Rb7 Nxd5 50. Bxd5 Kxd5
51. Kd2 Rc2+ 52. Kd1 Rxf2 53. Rxb3 c5 54. Ke1 Rg2 55. Rf3 Ke4 56. Rxf7 Rxg3
57. Rh7 Re3+ 58. Kd2 Rd3+ 59. Kc2 Rd5 60. Kc3 Kf3 61. Rg7 Re5 62. Rg5 Kf4
63. Rg8 Kf3 64. Rg5 Ke4 65. Rg8 Kd5 66. Rd8+ Ke6 67. Rg8 Rf5 68. Re8+ Kd5
69. Rd8+ Ke4 70. Rg8 Rf3+ 71. Kc4 Rf4 72. Rg5 Rxh4 73. Rxc5 Rh1 74. Ra5 h4
75. Rh5 h3 76. Kc3 Kf3 77. Kc2 Kg3 78. Rh8 Ra1 79. Rg8+ Kf3 80. Rf8+ Kg2
81. Rg8+ Kh1 82. Kd2 h2 83. Ke3 Rg1 84. Rh8 Kg2 85. Rg8+ Kf1 86. Rf8+ Ke1
87. Ra8 Rg3+ 88. Kf4 Rf3+ 89. Ke4 Rh3 90. Ra1+ Kf2 91. Ra2+ Kg3 0-1

[Event "22nd Open"]
[Site "Cappelle la Grande FRA"]
[Date "2006.02.20"]
[Round "4"]
[White "Hebden,M"]
[Black "Grooten,H"]
[Result "1-0"]
[WhiteElo "2514"]
[BlackElo "2365"]
[EventDate "2006.02.18"]

1. d4 Nf6 2. Nf3 e6 3. c3 b6 4. Bg5 Bb7 5. Nbd2 Be7 6. e3 c5 7. Bd3 Nc6 8.
O-O O-O 9. a3 cxd4 10. cxd4 Nd5 11. Bxe7 Qxe7 12. Bc4 Nf6 13. e4 d6 14. Rc1
Rac8 15. Bd3 e5 16. d5 Nb8 17. Qa4 Rxc1 18. Rxc1 Rc8 19. Rxc8+ Bxc8 20. Qc2
Qd8 21. Nc4 Ne8 22. Qa4 Qd7 23. Qxd7 Nxd7 24. b4 Kf8 25. Nfd2 Ke7 26. g3
Nf8 27. f3 Bd7 28. Kf2 g5 29. Nb1 Kd8 30. Nc3 Ng6 31. Ke2 h5 32. Ne3 Nc7
33. a4 h4 34. Bb5 Bc8 35. Bc6 hxg3 36. hxg3 Ke7 37. b5 Nf8 38. Kd3 Nh7 39.
Ne2 Nf6 40. g4 Nce8 41. Kc4 Kd8 42. Kb4 Nd7 43. Nc4 Kc7 44. Ng3 Ng7 45. Nh5
Nxh5 46. Bxd7 Nf4 47. Bxc8 Nd3+ 48. Kc3 Ne1 49. Bf5 Nxf3 50. Nb2 Ne1 51.
Bh7 f6 52. Bf5 Kb7 53. Nc4 Kc7 54. Ne3 Kd8 55. Be6 Nf3 56. Nf5 Kc7 57. Ne7
Nd4 58. Ng8 Kd8 59. Nxf6 Ne2+ 60. Kd2 Nd4 61. Kc3 Ne2+ 62. Kc4 Ng1 63. Bf5
Nh3 64. Nd7 Kc7 65. Nf8 Kb7 66. Ne6 Kb8 67. Nd8 1-0

[Event "22nd Open"]
[Site "Cappelle la Grande FRA"]
[Date "2006.02.20"]
[Round "4"]
[White "Brinck Claussen,B"]
[Black "Tseitlin,Ma"]
[Result "0-1"]
[WhiteElo "2342"]
[BlackElo "2475"]
[EventDate "2006.02.18"]

1. e4 e5 2. Nf3 Nc6 3. Bb5 a6 4. Ba4 Nf6 5. O-O Be7 6. Re1 b5 7. Bb3 d6 8.
c3 O-O 9. h3 Na5 10. Bc2 c5 11. d4 Qc7 12. Nbd2 cxd4 13. cxd4 Rd8 14. d5
Bd7 15. Nf1 Rdc8 16. Bd3 Nb7 17. Bd2 Nc5 18. Bc2 a5 19. Rc1 Qb8 20. Ng3 b4
21. Nh2 Qb5 22. Be3 a4 23. Bb1 Rc7 24. f4 Ne8 25. Nf3 exf4 26. Bxf4 Qb6 27.
Kh1 f6 28. e5 dxe5 29. Nxe5 fxe5 30. Bxe5 Bd6 31. Qh5 Bxe5 32. Bxh7+ Kf8
33. Qxe5 Bb5 34. Qf4+ Nf6 35. Nh5 Nd3 36. Bxd3 Rxc1 37. Rxc1 Bxd3 38. Rc6
Qb8 39. Qf2 Qe5 40. Nxf6 gxf6 41. Rxf6+ Kg8 42. Re6 Qg5 43. Qd4 Bf5 44. Re5
b3 45. axb3 axb3 46. d6 Kh7 47. Re7+ Kh6 48. Rf7 Rg8 49. Rf6+ Kh7 50. Rf7+
Kg6 51. Re7 Kh6 52. Qe3 Qxe3 53. Rxe3 Bc2 54. Re2 Rd8 55. Rd2 Kg5 56. g3
Bf5 57. Kg2 Kf6 58. g4 Be4+ 59. Kg3 Ke5 60. h4 Bd5 61. h5 Rxd6 62. Rf2 Be4
63. g5 Rd1 64. g6 Rg1+ 65. Kh4 Bf5 0-1

[Event "22nd Open"]
[Site "Cappelle la Grande FRA"]
[Date "2006.02.20"]
[Round "4"]
[White "Zdebskaja,N"]
[Black "Szelag,M"]
[Result "0-1"]
[WhiteElo "2326"]
[BlackElo "2468"]
[EventDate "2006.02.18"]

1. e4 c5 2. Nc3 d6 3. f4 g6 4. Nf3 Bg7 5. Bc4 Nc6 6. d3 e6 7. O-O Nge7 8.
Qe1 O-O 9. f5 gxf5 10. Qh4 Nd4 11. Bh6 Ng6 12. Qh5 Nxf3+ 13. Rxf3 Qh4 14.
Qxh4 Nxh4 15. Rg3 Ng6 16. Bxg7 Kxg7 17. exf5 exf5 18. Nb5 Rd8 19. Re1 f4
20. Rg5 a6 21. Nc7 Rb8 22. Rd5 b5 23. Bb3 Bb7 24. Rf5 c4 25. dxc4 Rbc8 26.
Nd5 bxc4 27. Ba4 Rc5 28. Ne7 Re5 29. Rexe5 dxe5 30. Nxg6 hxg6 31. Rxe5 Rd1+
32. Kf2 Rd2+ 33. Re2 Rxe2+ 34. Kxe2 Bxg2 35. b4 cxb3 36. axb3 g5 37. Kf2
Be4 38. b4 Kf6 39. c4 Ke5 40. Bd7 Bd3 41. c5 f5 42. h3 Bc4 43. Bc8 Bb5 44.
Kg2 Bd3 45. Kf2 Kd5 46. Bd7 Ke5 47. Bc8 Kf6 48. Kg2 Ke7 49. Kf3 Kd8 50. Bb7
Kc7 51. Bd5 Bc2 52. Bc4 Be4+ 53. Kf2 g4 54. hxg4 fxg4 55. Bxa6 g3+ 56. Kg1
f3 57. Kf1 Bf5 58. Ke1 Kc6 59. Bc4 Bh3 60. Bf1 Bg4 61. Bd3 Kd5 62. Ba6 Kd4
0-1

[Event "22nd Open"]
[Site "Cappelle la Grande FRA"]
[Date "2006.02.20"]
[Round "4"]
[White "Edouard,R"]
[Black "Zubarev,Al1"]
[Result "0-1"]
[WhiteElo "2365"]
[BlackElo "2508"]
[EventDate "2006.02.18"]

1. e4 c5 2. Nf3 Nc6 3. d4 cxd4 4. Nxd4 g6 5. Nc3 Bg7 6. Be3 Nf6 7. Bc4 O-O
8. Bb3 Qa5 9. f3 d5 10. exd5 Nb4 11. Qd2 Nbxd5 12. Nxd5 Qxd2+ 13. Kxd2 Nxd5
14. Bxd5 Rd8 15. c4 e6 16. Be4 f5 17. Bc2 e5 18. Bd3 exd4 19. Bg5 Re8 20.
Rhe1 Be6 21. Re2 Kf7 22. Rae1 Bf8 23. a3 a5 24. Re5 b6 25. g4 h6 26. gxf5
gxf5 27. Bh4 Bd6 28. R5e2 Bf4+ 29. Kc2 Be3 30. f4 Rac8 31. Bf2 b5 32. b3 a4
33. Kb2 bxc4 34. bxc4 Bxc4 35. Bxc4+ Rxc4 36. Bxe3 dxe3 37. Rxe3 Rxe3 38.
Rxe3 Rxf4 39. Kc3 Kf6 40. Kd3 Rf2 41. Rh3 Kg5 42. Ke3 Rg2 43. Kf3 Ra2 44.
Rg3+ Kf6 45. Rh3 Ke5 46. Rxh6 Rxa3+ 47. Kf2 Ra2+ 48. Kg3 a3 49. Rh8 Ra1 50.
Re8+ Kf6 51. Re2 Rb1 52. Ra2 Rb3+ 53. Kh4 Rb4+ 54. Kg3 Ra4 55. Kf3 Kg5 56.
Kg3 f4+ 57. Kh3 Kf5 58. Kh4 Ra8 59. Kh3 Ke4 60. Kg4 Ke3 61. Ra1 a2 62. h4
f3 0-1

[Event "22nd Open"]
[Site "Cappelle la Grande FRA"]
[Date "2006.02.20"]
[Round "4"]
[White "Golod,V"]
[Black "Escobar Forero,A"]
[Result "1-0"]
[WhiteElo "2577"]
[BlackElo "2425"]
[EventDate "2006.02.18"]

1. d4 d5 2. c4 c6 3. Nf3 Nf6 4. e3 e6 5. Bd3 Nbd7 6. O-O Bd6 7. Nbd2 O-O 8.
e4 e5 9. cxd5 cxd5 10. exd5 exd4 11. Ne4 Nxe4 12. Bxe4 Nf6 13. Qxd4 Nxe4
14. Qxe4 Re8 15. Qd4 Bf5 16. Bg5 f6 17. Bh4 Re4 18. Qd2 Bf4 19. Qd3 Bg6 20.
Bg3 Bxg3 21. hxg3 Re7 22. Qd4 Rd7 23. Rfd1 Rd6 24. Nh4 Bf7 25. Nf5 Rxd5 26.
Qg4 Qf8 27. Rxd5 Bxd5 28. Rd1 Bc6 29. Nd6 Qe7 30. Qc4+ Kf8 31. Nf5 Qe5 32.
Nd4 Qe4 33. Ne6+ Kg8 34. Qxe4 Bxe4 35. Rd7 g6 36. Nc5 Bc6 37. Rc7 Rb8 38.
g4 a5 39. f3 a4 40. a3 Kh8 41. Rf7 Rc8 42. Ne6 Bd5 43. Rxf6 Kg8 44. Nf4 Bb3
45. Rb6 Rc2 46. Nd3 Bc4 47. Nc5 Rc1+ 48. Kf2 Rc2+ 49. Ke3 Rxg2 50. Nxa4 Bd5
51. Nc5 Kg7 52. Nd3 Rg1 53. Nb4 Bf7 54. Rxb7 h5 55. Nd3 Kf6 56. Rb6+ Kg5
57. Kf2 Rd1 58. Ne5 Bd5 59. Rxg6+ Kf4 60. Ke2 1-0

[Event "22nd Open"]
[Site "Cappelle la Grande FRA"]
[Date "2006.02.20"]
[Round "4"]
[White "Krivonosov,O"]
[Black "Riazantsev,A"]
[Result "0-1"]
[WhiteElo "2431"]
[BlackElo "2594"]
[EventDate "2006.02.18"]

1. Nf3 d5 2. d4 c6 3. Bf4 Qb6 4. Qc1 Bf5 5. e3 Nf6 6. Be2 e6 7. O-O Be7 8.
c4 Nbd7 9. Nc3 h6 10. Ne5 O-O 11. Nxd7 Nxd7 12. Qd2 a5 13. cxd5 exd5 14.
Bd3 Bxd3 15. Qxd3 Rfe8 16. Na4 Qd8 17. Qb3 Ra7 18. Rac1 Bf8 19. Rfd1 h5 20.
h3 Re6 21. Qc2 Ra8 22. Qb3 Ra7 23. Qc2 Qf6 24. Qb3 h4 25. Nb6 Qd8 26. Nxd7
Qxd7 27. Qb6 Ra8 28. Qc7 Qxc7 29. Bxc7 a4 30. Rc2 Be7 31. Rb1 Kf8 32. Bb6
Ke8 33. Kf1 Kd7 34. Bc5 Bd8 35. Bb4 Bc7 36. b3 f5 37. Bd2 axb3 38. axb3 g5
39. Rcb2 Ree8 40. Rc1 Ra3 41. Bb4 Raa8 42. Rcb1 f4 43. exf4 Bxf4 44. Rc2
Re4 45. Bc3 Kc7 46. Ra1 Rxa1+ 47. Bxa1 Re8 48. Ra2 Kb6 49. Bc3 c5 50. dxc5+
Kxc5 51. Ra4 Be5 52. Bb4+ Kd4 53. Be7+ Kd3 54. Bxg5 Bc3 55. g3 hxg3 56.
fxg3 Kc2 57. Ra7 Rf8+ 58. Ke2 d4 0-1

[Event "22nd Open"]
[Site "Cappelle la Grande FRA"]
[Date "2006.02.20"]
[Round "4"]
[White "Foisor,C"]
[Black "Danielian,O"]
[Result "0-1"]
[WhiteElo "2402"]
[BlackElo "2518"]
[EventDate "2006.02.18"]

1. c4 e5 2. g3 Nc6 3. Bg2 g6 4. Nc3 Nge7 5. d3 Bg7 6. e4 d6 7. Nge2 h5 8.
h4 Bg4 9. f3 Bd7 10. Bg5 Qc8 11. Qd2 Ng8 12. Rd1 Nd4 13. Nxd4 exd4 14. Ne2
c5 15. O-O f6 16. Bf4 Ke7 17. Rfe1 Nh6 18. b4 Nf7 19. bxc5 dxc5 20. Rb1 Re8
21. Rb3 Kf8 22. Qc1 Kg8 23. Kh2 b6 24. Ng1 Qd8 25. Bh3 Ba4 26. Ra3 Bc6 27.
Bd2 b5 28. Ra6 Bd7 29. Ra5 a6 30. cxb5 Bxb5 31. Qxc5 f5 32. Qa3 f4 33. Rb1
fxg3+ 34. Kg2 Rb8 35. Be1 Bh6 36. Ne2 Qxh4 37. Bxg3 Qg5 38. f4 Qd8 39.
Raxb5 Rxb5 40. Rxb5 axb5 41. Qa6 Kg7 42. Bf2 Bxf4 43. Nxf4 Qg5+ 44. Kh1
Qxf4 45. Bxd4+ Kh6 46. Qa7 Kh7 47. Be3 Qf3+ 48. Bg2 Qd1+ 49. Kh2 Kg8 50.
Qd7 Rd8 51. Qe6 Qg4 52. Qb3 h4 53. Bf2 Qf4+ 54. Kg1 Rc8 55. Qe6 Rc1+ 56.
Bf1 Qg5+ 57. Kh2 Rxf1 58. Qe8+ Kg7 0-1

[Event "22nd Open"]
[Site "Cappelle la Grande FRA"]
[Date "2006.02.20"]
[Round "4"]
[White "Guseinov,G"]
[Black "Moranda,W"]
[Result "1-0"]
[WhiteElo "2607"]
[BlackElo "2445"]
[EventDate "2006.02.18"]

1. e4 c5 2. Nc3 Nc6 3. Nf3 g6 4. d4 cxd4 5. Nxd4 Bg7 6. Be3 Nf6 7. Bc4 O-O
8. Bb3 d6 9. f3 Bd7 10. Qd2 Rc8 11. O-O-O Ne5 12. Bg5 Nc4 13. Bxc4 Rxc4 14.
e5 dxe5 15. Nde2 Rc7 16. Bxf6 exf6 17. Nb5 Bf5 18. Nxc7 Qxc7 19. Nc3 Rc8
20. Kb1 Be6 21. g4 f5 22. gxf5 Bxf5 23. Ne4 Qc6 24. Rhe1 Be6 25. h4 h6 26.
Re3 Qb6 27. Rd3 Bf8 28. Nf6+ Kg7 29. Ng4 Bf5 30. Rc3 Bxg4 31. Rb3 Qxb3 32.
axb3 Bxf3 33. Rf1 Bc6 34. Qf2 f5 35. Qg3 Kf6 36. h5 g5 37. Qg4 Bd7 38. Qe4
Be6 39. Qxb7 f4 40. Re1 Re8 41. Rxe5 Kxe5 42. Qb5+ Bc5 43. Qxe8 Be3 44.
Qh8+ Kf5 45. Qxh6 g4 46. Qg6+ Ke5 47. h6 Bf5 48. Qg7+ Ke4 49. Qb7+ Ke5 50.
h7 Bxh7 51. Qg7+ Ke4 52. Qxh7+ Kf3 53. Qh5 Kg3 54. c4 f3 55. Kc2 Bf2 56.
Kd3 1-0

[Event "22nd Open"]
[Site "Cappelle la Grande FRA"]
[Date "2006.02.20"]
[Round "4"]
[White "Wirig,A"]
[Black "Shneider,A"]
[Result "0-1"]
[WhiteElo "2410"]
[BlackElo "2529"]
[EventDate "2006.02.18"]

1. d4 Nf6 2. Bg5 d5 3. Bxf6 exf6 4. e3 Bd6 5. c4 dxc4 6. Bxc4 O-O 7. Nf3
Nd7 8. Nc3 Nb6 9. Be2 f5 10. O-O c6 11. Nd2 Be6 12. Bf3 Qe7 13. g3 Rfd8 14.
Qe2 Rac8 15. Rfd1 g6 16. Qf1 h5 17. h4 Nd7 18. d5 cxd5 19. Bxd5 Be5 20. Nf3
Bxc3 21. bxc3 Ne5 22. Nxe5 Bxd5 23. c4 Qxe5 24. cxd5 Rxd5 25. Rab1 b6 26.
Qa6 Rc7 27. Qa4 Ra5 28. Rd8+ Kg7 29. Qb4 Qc5 30. Qd2 Ra4 31. Rd1 Rc4 32.
Qb2+ Rc3 33. Re8 Qa3 34. Qd2 Qa4 35. Ra8 Qxd1+ 36. Qxd1 Rc1 37. Qxc1 Rxc1+
38. Kg2 a5 39. Rb8 Rb1 40. a4 Kf6 41. Kf3 Rb2 42. Rd8 Rb4 43. Rb8 Ke5 44.
Rb7 Kd5 45. Rxf7 Rxa4 46. Rf6 Rb4 47. Rxg6 a4 48. Rg8 b5 49. Ra8 Rb2 50.
e4+ fxe4+ 51. Ke3 Rb3+ 52. Ke2 a3 53. g4 hxg4 54. h5 b4 55. Rd8+ Kc6 0-1